Innovation policy: France

Đã lưu trong:
書目詳細資料
企業作者: OECD
格式: 圖書
語言:Undetermined
出版: Paris OECD 1986
主題:
標簽: 添加標簽
沒有標簽, 成為第一個標記此記錄!
Thư viện lưu trữ: Trung tâm Học liệu Trường Đại học Cần Thơ
LEADER 00453nam a2200193Ia 4500
001 CTU_86212
008 210402s9999 xx 000 0 und d
082 |a 301.24 
082 |b O.68 
110 |a OECD 
245 0 |a Innovation policy: 
245 0 |b France 
245 0 |c OECD 
260 |a Paris 
260 |b OECD 
260 |c 1986 
650 |a Technology innovations 
904 |i Năm 
980 |a Trung tâm Học liệu Trường Đại học Cần Thơ